000 00557nam a2200193 4500
001 VA6227
003 ES-SlBCS
005 20210601154104.0
008 140520s1919 xxu||||| |||| 00| 0 spa d
041 _aspa
100 1 _aKant, Immanuel
_d, 1724-1804
_994277
245 1 0 _aLa paz perpetua
_b:Ensayo filosófico
_cImmanuel Kant; Francisco Rivera Pastor
260 _aMadrid/Barcelona :
_bCalpe
_c, 1919
300 _a86 p.;
_c15 cm
490 0 _aUniversal
_v7
650 _aPaz Perpetua
_9142479
700 1 0 _aRivera Pastor, Francisco
_9103024
942 _cBK
999 _c799938
_d799938